Kỹ thuật đo lực /

সংরক্ষণ করুন:
গ্রন্থ-পঞ্জীর বিবরন
প্রধান লেখক: Võ Sanh
বিন্যাস: গ্রন্থ
ভাষা:Vietnamese
প্রকাশিত: H. : Tổng cục tiêu chuẩn-đo lường chất lượng , 1990
সংস্করন:In lần thứ 1
বিষয়গুলি:
ট্যাগগুলো: ট্যাগ যুক্ত করুন
কোনো ট্যাগ নেই, প্রথমজন হিসাবে ট্যাগ করুন!
Thư viện lưu trữ: Thư viện Trường CĐ Kỹ Thuật Cao Thắng
LEADER 00650nam a2200205 a 4500
001 TVCDKTCT3029
003 Thư viện trường Cao đẳng Kỹ thuật Cao Thắng
005 20050909000000
008 050909
980 \ \ |a Thư viện Trường CĐ Kỹ Thuật Cao Thắng 
024 |a RG_1 #1 eb0 i1 
041 0 # |a vie 
082 # # |a 681.2 /   |b V400S-k 
100 1 # |a Võ Sanh 
245 0 0 |a Kỹ thuật đo lực /  |c Võ Sanh 
250 # # |a In lần thứ 1 
260 # # |a H. :  |b Tổng cục tiêu chuẩn-đo lường chất lượng ,  |c 1990 
300 # # |a 85tr. ;  |c 27cm 
650 # 4 |a Kỹ thuật 
650 # 4 |a Đo lực